000 00429nam a2200193Ia 4500
005 20250603145309.0
008 250603s9999 xx 000 0 und d
020 _a978-81-8281-298-7
050 _aHB 172.5 .J49/
100 _aJhingan, M.L.
245 0 _aMacro economic theory
250 _a12th ed.
260 _aDelhi
260 _bVrinda Pub.
260 _c2010
300 _a778 p
650 _aDelhi
942 _cBK
999 _c41446
_d41446